[Event "IND-ch U14"]
[Site "Ahmedabad"]
[Date "2022.05.09"]
[Round "1"]
[White "Sahib, Singh"]
[Black "Ashwinth, Michael"]
[Result "1-0"]
[WhiteElo "1991"]
[BlackElo "1285"]
[PlyCount "107"]
[EventDate "2022.05.09"]
[EventType "swiss"]
[EventRounds "11"]
[EventCountry "IND"]
[SourceTitle "CBM 208 Extra"]
[Source "ChessBase"]
[SourceDate "2022.07.31"]
[SourceVersion "1"]
[SourceVersionDate "2022.07.31"]
[SourceQuality "1"]

1. e4 c5 2. Nc3 d6 3. f4 Nc6 4. Nf3 e6 5. g3 d5 6. d3 Nf6 7. e5 Nd7 8. Bg2 f5 9. 0-0 Be7 10. Ne2 Nb6 11. c3 0-0 12. Be3 Bd7 13. h3 Kh8 14. b3 Rb8 15. Kh2 Be8 16. d4 Nd7 17. g4 g6 18. Ng5 Bf7 19. Nxf7+ Rxf7 20. c4 dxc4 21. d5 exd5 22. e6 Rf6 23. Bxd5 Nb6 24. bxc4 Nb4 25. Nc3 a6 26. g5 Rf8 27. a3 N4xd5 28. Nxd5 Nxc4 29. Bd4+ cxd4 30. Qxd4+ Kg8 31. Qxc4 Re8 32. Nf6+ Kh8 33. Rad1 Qb6 34. Nxe8 Rxe8 35. Qd4+ Qxd4 36. Rxd4 Bxa3 37. Rd3 Bc5 38. Re1 b6 39. Rd7 a5 40. Ra7 b5 41. Ra6 Bd4 42. Rb1 b4 43. Rxa5 Kg8 44. Ra6 Bc3 45. Rd1 b3 46. Ra3 Rxe6 47. Rd8+ Kf7 48. Rxb3 Re2+ 49. Kg3 Be1+ 50. Kf3 Re7 51. Rh8 Kg7 52. Rbb8 Bb4 53. Rbg8+ Kf7 54. Rf8+ 1-0